[Event "Weekend Accademia A Autunno"]
[Site "Roma ITA"]
[Date "2008.10.18"]
[Round "2"]
[White "Testa, Adriano"]
[Black "Puliatti, Carlo"]
[Result "1-0"]
[WhiteElo "2084"]
[BlackElo "2111"]
[PlyCount "111"]
[EventDate "2008.10.17"]

1. e4 e5 2. Nf3 Nc6 3. Bc4 Nf6 4. d3 Be7 5. c3 d6 6. h3 O-O 7. Bb3 Na5 8. Bc2
c5 9. Nbd2 Re8 10. O-O Nc6 11. Re1 Bf8 12. Nf1 h6 13. Ng3 d5 14. Nh2 dxe4 15.
dxe4 Qxd1 16. Rxd1 Be6 17. Be3 b5 18. Bb3 c4 19. Bc2 Nd7 20. f3 Red8 21. Kf2
Bc5 22. Nhf1 Bxe3+ 23. Kxe3 Nc5 24. Nh1 Kf8 25. Nf2 Ke7 26. Ke2 Rxd1 27. Rxd1
Rd8 28. Rxd8 Kxd8 29. Ne3 Ne7 30. Kd2 Kc7 31. g3 Kd6 32. f4 f6 33. f5 Bd7 34.
Nf1 g6 35. fxg6 Nxg6 36. Ne3 h5 37. h4 Ne7 38. Bd1 Be8 39. g4 hxg4 40. Bxg4 Bg6
41. Nf5+ Nxf5 42. exf5 Bh7 43. Ke3 Na4 44. Ne4+ Ke7 45. b3 Nb6 46. b4 Nd5+ 47.
Kd2 Bg8 48. h5 Nf4 49. h6 Bh7 50. Ke3 Ng2+ 51. Kd2 Nh4 52. Ng3 Ng2 53. Bf3 Nh4
54. Be4 Kd6 55. Ke3 Bg8 56. Kf2 1-0

[Event "Weekend Accademia A Autunno"]
[Site "Roma ITA"]
[Date "2008.10.18"]
[Round "2"]
[White "Tosi, Francesco"]
[Black "Carnicelli, Valerio"]
[Result "1-0"]
[WhiteElo "1867"]
[BlackElo "1705"]
[PlyCount "53"]
[EventDate "2008.10.17"]

1. Nf3 d5 2. d4 Nf6 3. c4 e6 4. g3 Be7 5. Bg2 O-O 6. O-O b6 7. Ne5 Bb7 8. Qa4
Nfd7 9. Rd1 Nxe5 10. dxe5 Bc6 11. Qc2 f6 12. cxd5 exd5 13. Nc3 d4 14. exf6 Bxf6
15. Ne4 Re8 16. Be3 Qe7 17. Nxf6+ Qxf6 18. Qc4+ Qe6 19. Qxe6+ Rxe6 20. Rxd4 Kf7
21. Rd8 Ke7 22. Rad1 Bxg2 23. Kxg2 Rd6 24. Bg5+ Ke6 25. R1xd6+ cxd6 26. e4 h6
27. Bf4 1-0

[Event "Weekend Accademia A Autunno"]
[Site "Roma ITA"]
[Date "2008.10.18"]
[Round "2"]
[White "Vannelli, Vittorio"]
[Black "Carotenuto, Piero"]
[Result "1-0"]
[WhiteElo "1884"]
[BlackElo "1744"]
[PlyCount "179"]
[EventDate "2008.10.17"]

1. d4 d5 2. c4 e6 3. Nc3 Nf6 4. Bg5 Be7 5. e3 Nbd7 6. Nf3 O-O 7. Rc1 c6 8. Bd3
dxc4 9. Bxc4 Nd5 10. Bxe7 Qxe7 11. O-O Nxc3 12. Rxc3 e5 13. Qc2 e4 14. Nd2 Nf6
15. f3 Bf5 16. a3 Rfd8 17. fxe4 Be6 18. Be2 Rac8 19. b4 a6 20. Rc1 Qd7 21. Bc4
Bxc4 22. Nxc4 Qg4 23. Nd2 Re8 24. d5 Rcd8 25. Rf1 cxd5 26. Rc7 Rc8 27. e5 Qd7
28. Rxd7 Rxc2 29. exf6 Rxd2 30. fxg7 Kxg7 31. Rfxf7+ Kg8 32. Rg7+ Kh8 33. Rxh7+
Kg8 34. Rhg7+ Kh8 35. Rge7 Rc8 36. Rh7+ Kg8 37. Rdg7+ Kf8 38. Rh8+ Kxg7 39.
Rxc8 Kf6 40. Kf1 Rd3 41. a4 Rxe3 42. Rc7 b6 43. h4 d4 44. h5 Kg5 45. Rd7 Kxh5
46. Rxd4 Ra3 47. a5 bxa5 48. Rd5+ Kg4 49. Rxa5 Rb3 50. Rxa6 Rxb4 51. Rg6+ Kf5
52. Rg8 Rb1+ 53. Kf2 Rb2+ 54. Kg3 Rb3+ 55. Kh4 Rb1 56. Rf8+ Kg6 57. Kg4 Rg1 58.
g3 Kg7 59. Rf3 Kg6 60. Kf4 Kf6 61. Rd3 Kg6 62. Rd5 Kf6 63. Rd6+ Kg7 64. g4 Kf7
65. Kg5 Kg7 66. Rd4 Ra1 67. Rd7+ Kf8 68. Kg6 Ra6+ 69. Kh7 Ra1 70. g5 Rh1+ 71.
Kg6 Ra1 72. Rd8+ Ke7 73. Rb8 Rg1 74. Kh6 Kf7 75. Rb7+ Kg8 76. Kg6 Kf8 77. Rb8+
Ke7 78. Rg8 Rg2 79. Kh7 Rh2+ 80. Kg7 Rg2 81. g6 Rg1 82. Ra8 Rh1 83. Ra6 Ke8 84.
Kg8 Rg1 85. Re6+ Kd7 86. Kf7 Rg2 87. Rf6 Re2 88. g7 Re7+ 89. Kg6 Re1 90. g8=Q
1-0

[Event "Weekend Accademia A Autunno"]
[Site "Roma ITA"]
[Date "2008.10.18"]
[Round "2"]
[White "Vignato, Giovanni"]
[Black "Gromovs, Sergejs"]
[Result "0-1"]
[WhiteElo "2029"]
[BlackElo "2368"]
[PlyCount "56"]
[EventDate "2008.10.17"]

1. e4 d6 2. c4 Nf6 3. Nc3 g6 4. g3 Bg7 5. Bg2 O-O 6. Nge2 c5 7. O-O Nc6 8. d3
Rb8 9. Rb1 a6 10. a3 b5 11. cxb5 axb5 12. b4 c4 13. d4 e5 14. d5 Nd4 15. Be3
Nxe2+ 16. Qxe2 Ng4 17. Bd2 f5 18. f3 Nf6 19. a4 bxa4 20. Qxc4 Qb6+ 21. Kh1 fxe4
22. fxe4 Ng4 23. Rxf8+ Bxf8 24. h3 Nf2+ 25. Kh2 Nxh3 26. Bxh3 Qf2+ 27. Bg2 Qxd2
28. Qc7 Bh3 0-1

[Event "Weekend Accademia A Autunno"]
[Site "Roma ITA"]
[Date "2008.10.18"]
[Round "3"]
[White "Caporale, Giuseppe Guido"]
[Black "Testa, Adriano"]
[Result "0-1"]
[WhiteElo "1833"]
[BlackElo "2084"]
[PlyCount "94"]
[EventDate "2008.10.17"]

1. d4 d5 2. Nf3 Nf6 3. e3 c5 4. b3 Bf5 5. Bb2 e6 6. Bb5+ Nc6 7. O-O Bd6 8. Ne5
O-O 9. Bxc6 bxc6 10. dxc5 Bxc5 11. Nxc6 Qc7 12. Nd4 Bxd4 13. Qxd4 Qxc2 14. Na3
Qe4 15. Nb5 Qxd4 16. Nxd4 Bd3 17. Rfd1 Ba6 18. Rac1 Rfc8 19. Nc6 Kf8 20. Bxf6
gxf6 21. Nb4 Be2 22. Re1 Bb5 23. a4 Bd7 24. Na6 Ke7 25. Nc5 a5 26. Rc3 Ra7 27.
Rec1 Rac7 28. Kf1 e5 29. Ke2 d4 30. Rc4 dxe3 31. Kxe3 f5 32. g3 Be6 33. Nxe6
Rxc4 34. bxc4 Kxe6 35. Kd3 Rb8 36. Kc3 Rb4 37. Ra1 f6 38. f3 h5 39. Ra2 Kd6 40.
Rd2+ Kc6 41. Rd5 Rxa4 42. Kb3 Ra1 43. Kb2 Rf1 44. f4 exf4 45. Rxf5 Rf2+ 46. Kc3
fxg3 47. Rxh5 g2 0-1

[Event "Weekend Accademia A Autunno"]
[Site "Roma ITA"]
[Date "2008.10.18"]
[Round "3"]
[White "Carotenuto, Piero"]
[Black "Mircoli, Gianluca"]
[Result "0-1"]
[WhiteElo "1744"]
[BlackElo "1946"]
[PlyCount "70"]
[EventDate "2008.10.17"]

1. d4 d5 2. c4 c6 3. Nf3 Nf6 4. Nc3 dxc4 5. a4 Nd5 6. e3 Nxc3 7. bxc3 b5 8. g3
Bg4 9. Bg2 e6 10. Ba3 Bxa3 11. Rxa3 Nd7 12. Qa1 a5 13. axb5 cxb5 14. O-O Ra6
15. Rb1 Qb6 16. Qb2 Bf5 17. Rd1 O-O 18. d5 e5 19. Nh4 Bd3 20. e4 Nc5 21. Re1 f6
22. Kh1 b4 23. cxb4 axb4 24. Rxa6 Nxa6 25. Nf5 c3 26. Qa1 b3 27. Qxc3 Qxf2 28.
Rg1 Nc5 29. Qb4 b2 30. Rd1 Qc2 31. Ne3 Qxd1+ 32. Nxd1 b1=Q 33. Qxc5 Qxd1+ 34.
Qg1 Qxg1+ 35. Kxg1 Rb8 0-1

[Event "Weekend Accademia A Autunno"]
[Site "Roma ITA"]
[Date "2008.10.18"]
[Round "3"]
[White "Condemi De Felice, Alfonso"]
[Black "De Leon Cultri Fascetti, Angelo"]
[Result "0-1"]
[WhiteElo "1823"]
[BlackElo "2142"]
[PlyCount "43"]
[EventDate "2008.10.17"]

1. d4 d5 2. Nf3 Nc6 3. e3 Bg4 4. Be2 e6 5. Nbd2 Nf6 6. c3 Bd6 7. Qc2 O-O 8. O-O
e5 9. dxe5 Nxe5 10. Re1 Bxf3 11. Nxf3 Ne4 12. Nxe5 Bxe5 13. g3 Qf6 14. Bf1 Rfe8
15. Bg2 c6 16. a4 h5 17. Bxe4 dxe4 18. a5 Rad8 19. Ra4 Bc7 20. a6 Qf3 21. axb7
h4 22. Rd4 0-1

[Event "Weekend Accademia A Autunno"]
[Site "Roma ITA"]
[Date "2008.10.18"]
[Round "3"]
[White "De Carolis, Massimo"]
[Black "Tosi, Francesco"]
[Result "1-0"]
[WhiteElo "1973"]
[BlackElo "1867"]
[PlyCount "81"]
[EventDate "2008.10.17"]

1. d4 Nf6 2. Nf3 g6 3. c4 Bg7 4. Nc3 d6 5. e4 O-O 6. Be2 c6 7. O-O a6 8. a4 a5
9. h3 Na6 10. Be3 Qc7 11. Qd2 Rd8 12. Rfd1 Bd7 13. Bf4 Be8 14. c5 Qc8 15. cxd6
exd6 16. Bg5 Nc7 17. d5 cxd5 18. exd5 Bd7 19. Rac1 Qb8 20. Bd3 Rc8 21. Bf1 Nce8
22. Nd4 Rxc3 23. Qxc3 Nxd5 24. Qb3 Nb4 25. Bc4 d5 26. Bxd5 Nxd5 27. Qxd5 Bxa4
28. Re1 Nf6 29. Qc4 Be8 30. Re7 b5 31. Qc7 Qxc7 32. Rexc7 Nd5 33. Rc8 Rxc8 34.
Rxc8 Bxd4 35. Rxe8+ Kg7 36. Rd8 Bxb2 37. Rxd5 a4 38. Rxb5 a3 39. Ra5 f6 40.
Ra7+ Kf8 41. Bf4 1-0

[Event "Weekend Accademia A Autunno"]
[Site "Roma ITA"]
[Date "2008.10.18"]
[Round "3"]
[White "Gromovs, Sergejs"]
[Black "Quimi, Marco"]
[Result "1-0"]
[WhiteElo "2368"]
[BlackElo "2239"]
[PlyCount "92"]
[EventDate "2008.10.17"]

1. d4 d5 2. c4 c6 3. Nf3 Nf6 4. Nc3 dxc4 5. a4 Bf5 6. Ne5 Nbd7 7. Nxc4 e6 8. e3
Bb4 9. Be2 O-O 10. O-O Qc7 11. Bd2 a5 12. f4 c5 13. Nb5 Qb8 14. Bxb4 axb4 15.
Nbd6 cxd4 16. g4 b5 17. Nxb5 Be4 18. Qxd4 Bc6 19. Ncd6 Rd8 20. g5 Nd5 21. Bh5
g6 22. Bf3 Nf8 23. Qc5 Ra6 24. Rac1 Bxb5 25. Nxb5 Rxa4 26. Nd4 Nd7 27. Qc6 N7b6
28. Bxd5 Rxd5 29. Nxe6 Rd6 30. Qc7 Qxc7 31. Nxc7 Kf8 32. Rfd1 Rxd1+ 33. Rxd1
Ra2 34. b3 Ra3 35. Rd6 Nc8 36. Rd8+ Ke7 37. Rxc8 Kd7 38. Rb8 Kxc7 39. Rxb4 Ra2
40. Ra4 Rb2 41. Ra7+ Kd6 42. Rxf7 Kd5 43. Re7 Rxb3 44. Kg2 Rb2+ 45. Kg3 Re2 46.
h4 Kd6 1-0

[Event "Weekend Accademia A Autunno"]
[Site "Roma ITA"]
[Date "2008.10.18"]
[Round "3"]
[White "Luzi, Alessandro"]
[Black "Musmarra, Giovanni"]
[Result "1-0"]
[WhiteElo "1912"]
[BlackElo "1725"]
[PlyCount "47"]
[EventDate "2008.10.17"]

1. e4 e5 2. Nf3 Nc6 3. d4 exd4 4. c3 d3 5. Bxd3 Nf6 6. O-O Be7 7. Qc2 d6 8. h3
Be6 9. Be3 O-O 10. Nbd2 Qd7 11. Ng5 Ne5 12. Nxe6 fxe6 13. Be2 d5 14. Rad1 Qc6
15. Bd4 Ng6 16. Bd3 e5 17. exd5 Qxd5 18. Bc4 exd4 19. Bxd5+ Nxd5 20. Nf3 d3 21.
Qxd3 Rad8 22. Nd4 Nb6 23. Qc2 Bd6 24. Ne6 1-0

[Event "Weekend Accademia A Autunno"]
[Site "Roma ITA"]
[Date "2008.10.18"]
[Round "3"]
[White "Maddaloni, Giovanni"]
[Black "Puliatti, Carlo"]
[Result "1/2-1/2"]
[WhiteElo "1841"]
[BlackElo "2111"]
[PlyCount "108"]
[EventDate "2008.10.17"]

1. e4 e5 2. Nf3 Nc6 3. Bb5 a6 4. Ba4 Nf6 5. O-O Be7 6. Re1 b5 7. Bb3 O-O 8. h3
d6 9. a3 Bb7 10. d3 h6 11. Nbd2 Na5 12. Ba2 c5 13. c4 Nc6 14. Nf1 b4 15. Bd2 a5
16. Ne3 Bc8 17. Bb3 Be6 18. Ba4 Qc7 19. Bxc6 Qxc6 20. Nd5 Bxd5 21. exd5 Qd7 22.
Qe2 Rfe8 23. axb4 axb4 24. Be3 Bf8 25. Qc2 g6 26. Nd2 Bg7 27. f3 Nh5 28. Nb3 f5
29. Na5 f4 30. Bf2 Qf5 31. Nc6 Kh7 32. Ra7 Rxa7 33. Nxa7 Qd7 34. Nc6 Ra8 35.
Kh2 Bf6 36. Rb1 Ng7 37. Qd1 Qb7 38. Qd2 Ra2 39. d4 exd4 40. Qxf4 Nf5 41. Qe4
Qd7 42. Bg1 Bh4 43. Rd1 Rxb2 44. Ra1 Bg3+ 45. Kh1 Be5 46. Qd3 Ng3+ 47. Kh2 Rd2
48. Nxe5 Rxd3 49. Nxd7 Ne2 50. Ra7 Kg8 51. Nf6+ Kf8 52. Ne4 Ra3 53. Rb7 Ra6 54.
Bf2 Nc3 1/2-1/2

[Event "Weekend Accademia A Autunno"]
[Site "Roma ITA"]
[Date "2008.10.18"]
[Round "3"]
[White "Marzio, Mario"]
[Black "Di Lascio, Savino"]
[Result "0-1"]
[WhiteElo "1469"]
[BlackElo "1953"]
[PlyCount "114"]
[EventDate "2008.10.17"]

1. e4 c6 2. d4 d5 3. exd5 cxd5 4. Bd3 Nc6 5. c3 g6 6. Bf4 Bg7 7. Nd2 Nh6 8.
Ngf3 O-O 9. Ne5 f6 10. Nxg6 hxg6 11. Bxg6 e5 12. Bxh6 Bxh6 13. Qh5 Kg7 14. O-O
f5 15. Nf3 e4 16. Nh4 Qg5 17. Rae1 Qxh5 18. Bxh5 Bg5 19. g3 Bxh4 20. gxh4 f4
21. Kh1 Kh6 22. Bd1 Bh3 23. Rg1 f3 24. Rg5 Bg2+ 25. Kg1 Rad8 26. Bb3 Ne7 27. c4
Nf5 28. cxd5 Nxd4 29. Bc4 b5 30. Bf1 Bxf1 31. Kxf1 Ne2 32. Rd1 Rg8 33. d6 Rxg5
34. hxg5+ Kxg5 35. d7 Kf6 36. h4 Ke7 37. h5 Rxd7 38. Rxd7+ Kxd7 39. Ke1 Ke6 40.
Kd2 Kf5 41. Ke3 Nf4 42. h6 Nd5+ 43. Kd4 Nf6 44. Ke3 Ng4+ 45. Kd4 Nxh6 46. a3
Ng4 47. Kc5 Nxf2 48. Kxb5 Nd3 49. b4 f2 50. Ka6 f1=Q 51. Kxa7 e3 52. b5 e2 53.
b6 e1=Q 54. b7 Qa5+ 55. Kb8 Qc1 56. a4 Qac7+ 57. Ka8 Q1c6 0-1

[Event "Weekend Accademia A Autunno"]
[Site "Roma ITA"]
[Date "2008.10.18"]
[Round "3"]
[White "Pecorari, Marcello"]
[Black "Vannelli, Vittorio"]
[Result "1/2-1/2"]
[WhiteElo "2076"]
[BlackElo "1884"]
[PlyCount "116"]
[EventDate "2008.10.17"]

1. e4 e5 2. Nf3 Nc6 3. Bc4 Nf6 4. d4 exd4 5. O-O d6 6. Nxd4 Nxd4 7. Qxd4 Be7 8.
Nc3 O-O 9. Bg5 c6 10. Rfe1 b5 11. Bf1 c5 12. Qd3 b4 13. Nd5 Nxd5 14. Qxd5 Be6
15. Bxe7 Qxe7 16. Qd2 Rfd8 17. a3 a5 18. axb4 axb4 19. Rxa8 Rxa8 20. Rd1 Rd8
21. Qe3 f6 22. b3 Ra8 23. Qf4 Kf7 24. h4 Rd8 25. Qf3 g6 26. Bb5 h5 27. Ra1 Rb8
28. Bd3 Bg4 29. Qf4 Kg7 30. Ra6 Rd8 31. Qg3 Qe5 32. Qe3 Rd7 33. Ra8 Re7 34. f4
Qc3 35. Ra6 Bf5 36. Rxd6 Bxe4 37. Rc6 Qa1+ 38. Kf2 Qd4 39. Bxe4 Rxe4 40. Qxd4
Rxd4 41. Rc7+ Kf8 42. Kf3 Rd5 43. Ke4 Rd2 44. Rxc5 Rxg2 45. Rc4 g5 46. fxg5
fxg5 47. Kf3 Rg4 48. Rxg4 hxg4+ 49. Kxg4 gxh4 50. Kxh4 Ke7 51. Kg4 Kd6 52. Kf4
Kd5 53. Ke3 Ke5 54. Kd3 Kd5 55. Ke3 Ke5 56. Kd3 Kd5 57. c4+ bxc3 58. Kxc3 Kc5
1/2-1/2

[Event "Weekend Accademia A Autunno"]
[Site "Roma ITA"]
[Date "2008.10.18"]
[Round "3"]
[White "Pelyushenko, Vladyslav"]
[Black "Bolla, Vittorio"]
[Result "0-1"]
[WhiteElo "1880"]
[BlackElo "1820"]
[PlyCount "100"]
[EventDate "2008.10.17"]

1. d4 Nf6 2. c4 c5 3. d5 e6 4. Nc3 exd5 5. cxd5 d6 6. e4 g6 7. Nf3 Bg7 8. Bg5
h6 9. Bb5+ Bd7 10. Bxd7+ Qxd7 11. Bxf6 Bxf6 12. O-O O-O 13. Qc2 b5 14. a3 a6
15. Rfe1 Re8 16. Rad1 Qd8 17. Qd2 Kh7 18. Qf4 Ra7 19. e5 dxe5 20. Nxe5 Bxe5 21.
Rxe5 Rxe5 22. Qxe5 Re7 23. Qf4 Qe8 24. g3 f5 25. d6 Re1+ 26. Rxe1 Qxe1+ 27. Kg2
Nd7 28. Qh4 Kg7 29. Qf4 Qe5 30. Qd2 Qd4 31. Qxd4+ cxd4 32. Nb1 Kf6 33. Kf3 Ke6
34. Ke2 Kxd6 35. Kd3 Kd5 36. Nd2 Ne5+ 37. Kc2 Ng4 38. f3 Nxh2 39. Kd3 g5 40.
Ke2 h5 41. Kf2 g4 42. f4 Nf3 43. Nxf3 gxf3 44. Kxf3 Kc4 45. Ke2 a5 46. Kd2 a4
47. Kc2 d3+ 48. Kd2 Kd4 49. Kd1 Ke4 50. Ke1 Kf3 0-1

[Event "Weekend Accademia A Autunno"]
[Site "Roma ITA"]
[Date "2008.10.18"]
[Round "3"]
[White "Prudenzano, Ruggero"]
[Black "Vignato, Giovanni"]
[Result "1/2-1/2"]
[WhiteElo "1925"]
[BlackElo "2029"]
[PlyCount "66"]
[EventDate "2008.10.17"]

1. d4 d5 2. c4 e6 3. Nc3 f5 4. Nf3 Nf6 5. g3 c6 6. Qb3 Bd6 7. Bg2 O-O 8. O-O
Nbd7 9. Bf4 Bxf4 10. gxf4 Ne4 11. e3 Kh8 12. Rad1 h6 13. Kh1 g5 14. Nxe4 fxe4
15. Ne5 Nxe5 16. fxe5 Bd7 17. f3 exf3 18. Rxf3 Rxf3 19. Bxf3 Be8 20. Rf1 Qe7
21. Bg2 Bg6 22. Rf6 Kg7 23. Rxe6 Qxe6 24. Qxb7+ Qf7 25. Qxa8 Be4 26. Kg1 Bxg2
27. Kxg2 g4 28. Kg1 Qf3 29. Qb7+ Kf8 30. Qc8+ Kg7 31. Qd7+ Kg8 32. Qe6+ Kh7 33.
Qe7+ Kg6 1/2-1/2

[Event "Weekend Accademia A Autunno"]
[Site "Roma ITA"]
[Date "2008.10.18"]
[Round "3"]
[White "Wollenweber, Carsten"]
[Black "Aleksic, Nenad"]
[Result "1/2-1/2"]
[WhiteElo "2151"]
[BlackElo "2376"]
[PlyCount "50"]
[EventDate "2008.10.17"]

1. e4 c5 2. Nf3 d6 3. d4 cxd4 4. Nxd4 Nf6 5. Nc3 a6 6. Bg5 e6 7. f4 Qb6 8. Qd2
Nc6 9. Nb3 Ng4 10. Nd1 h6 11. Bh4 g5 12. fxg5 hxg5 13. Qxg5 Be7 14. Qxg4 Bxh4+
15. g3 Bf6 16. Qf4 Be5 17. Qf2 Qc7 18. Bd3 Bd7 19. c3 O-O-O 20. Ne3 Rh7 21.
O-O-O Ne7 22. Kb1 Ba4 23. Ng4 Nc6 24. Nxe5 Nxe5 25. Qd4 Bxb3 1/2-1/2

[Event "Weekend Accademia A Autunno"]
[Site "Roma ITA"]
[Date "2008.10.18"]
[Round "4"]
[White "Aleksic, Nenad"]
[Black "Gromovs, Sergejs"]
[Result "1/2-1/2"]
[WhiteElo "2376"]
[BlackElo "2368"]
[PlyCount "21"]
[EventDate "2008.10.17"]

1. Nf3 Nf6 2. g3 d5 3. Bg2 c6 4. O-O e6 5. d3 Be7 6. Nbd2 O-O 7. b3 a5 8. a3
Nbd7 9. Bb2 Re8 10. Re1 Qc7 11. e4 1/2-1/2

[Event "Weekend Accademia A Autunno"]
[Site "Roma ITA"]
[Date "2008.10.18"]
[Round "4"]
[White "Bolla, Vittorio"]
[Black "Prudenzano, Ruggero"]
[Result "1/2-1/2"]
[WhiteElo "1820"]
[BlackElo "1925"]
[PlyCount "131"]
[EventDate "2008.10.17"]

1. e4 c5 2. Nf3 e6 3. c3 Nc6 4. Bb5 a6 5. Bxc6 bxc6 6. O-O d5 7. exd5 cxd5 8.
d4 Nf6 9. Bg5 Be7 10. Ne5 Qc7 11. Qa4+ Bd7 12. Nxd7 Qxd7 13. Qxd7+ Nxd7 14.
Bxe7 Kxe7 15. f4 cxd4 16. cxd4 Rab8 17. Rf2 Rb4 18. Rd2 Rhb8 19. b3 Rc8 20. Na3
Nf6 21. Nc2 Rb7 22. Ne3 Rbc7 23. Rdd1 Rc3 24. Re1 Rd3 25. f5 Ne4 26. fxe6 fxe6
27. Rad1 Rcc3 28. Ng4 Rxd1 29. Rxd1 Rc2 30. b4 Rxa2 31. Ne5 Nc3 32. Rd3 Ne2+
33. Kf1 Nf4 34. Rg3 g6 35. h4 Ke8 36. Nc6 Kd7 37. Ne5+ Kc8 38. Rc3+ Kb7 39. g3
Ne2 40. Re3 Rb2 41. Nd7 Kc6 42. Nc5 Kb5 43. Nxe6 Kxb4 44. Nc7 a5 45. Na6+ Kc4
46. Ra3 Nxg3+ 47. Rxg3 Kxd4 48. Kg1 Ke4 49. Nc5+ Kf4 50. Rd3 Ke5 51. Ra3 Rb5
52. Nd3+ Kf5 53. Kg2 d4 54. Kg3 Rd5 55. Ra4 Ke4 56. Nf2+ Ke3 57. Ra3+ d3 58.
Kg2 Ke2 59. Nxd3 Rxd3 60. Rxa5 Ke3 61. Ra7 h5 62. Ra6 Rd4 63. Rxg6 Rxh4 64.
Re6+ Kf4 65. Rf6+ Ke4 66. Rf8 1/2-1/2

[Event "Weekend Accademia A Autunno"]
[Site "Roma ITA"]
[Date "2008.10.18"]
[Round "4"]
[White "Carnicelli, Valerio"]
[Black "Mircoli, Gianluca"]
[Result "0-1"]
[WhiteElo "1705"]
[BlackElo "1946"]
[PlyCount "96"]
[EventDate "2008.10.17"]

1. e4 d5 2. exd5 Qxd5 3. Nc3 Qa5 4. d4 Nf6 5. Nf3 c6 6. Ne5 Nbd7 7. Nc4 Qc7 8.
Qf3 Nb6 9. h3 Qd7 10. Be3 Nbd5 11. Nxd5 Qxd5 12. Qxd5 Nxd5 13. O-O-O Bf5 14.
Bd3 Be6 15. a3 g6 16. Nd2 b5 17. Ne4 f5 18. Nc5 Bf7 19. Rhe1 e5 20. Bd2 e4 21.
f3 Bg7 22. fxe4 Ne7 23. exf5 gxf5 24. Bxf5 Bxd4 25. Nb7 Bf6 26. Nd6+ Kf8 27.
Bh6+ Kg8 28. Nxf7 Kxf7 29. Rd7 Rhd8 30. Red1 Rxd7 31. Rxd7 a5 32. Be3 h5 33. g4
hxg4 34. hxg4 Ke8 35. Rd6 Kf7 36. Be6+ Kg6 37. g5 Bxg5 38. Bd7+ Kh5 39. Bxg5
Kxg5 40. Bxc6 Ra6 41. Kd2 Rxc6 42. Rxc6 Nxc6 43. Kd3 Kf5 44. b3 Ke5 45. c4 b4
46. a4 Nd4 47. c5 Kd5 48. Ke3 Kxc5 0-1

[Event "Weekend Accademia A Autunno"]
[Site "Roma ITA"]
[Date "2008.10.18"]
[Round "4"]
[White "De Leon Cultri Fascetti, Angelo"]
[Black "Wollenweber, Carsten"]
[Result "1/2-1/2"]
[WhiteElo "2142"]
[BlackElo "2151"]
[PlyCount "63"]
[EventDate "2008.10.17"]

1. d4 b5 2. e4 Bb7 3. Bd3 Nf6 4. f3 a6 5. Ne2 e6 6. O-O c5 7. c3 Nc6 8. Be3
cxd4 9. Nxd4 Ne5 10. Re1 Rc8 11. Qe2 d5 12. exd5 Nxd3 13. Qxd3 Qxd5 14. Qe2 Bd6
15. Nd2 O-O 16. N4b3 Qh5 17. Nf1 Nd5 18. Bd4 Nf4 19. Qe3 Qg6 20. Ng3 Nd3 21.
Reb1 Bf4 22. Qe2 Bb8 23. Rd1 Nf4 24. Qf2 h5 25. Nc5 Ba8 26. Be3 Nd5 27. Nd7
Bxg3 28. hxg3 Rfd8 29. Nb6 Nxb6 30. Bxb6 Rd3 31. Rxd3 Qxd3 32. Qd4 1/2-1/2

[Event "Weekend Accademia A Autunno"]
[Site "Roma ITA"]
[Date "2008.10.18"]
[Round "4"]
[White "Maddaloni, Giovanni"]
[Black "Luzi, Alessandro"]
[Result "1/2-1/2"]
[WhiteElo "1841"]
[BlackElo "1912"]
[PlyCount "99"]
[EventDate "2008.10.17"]

1. f4 b6 2. Nf3 Bb7 3. g3 c5 4. d3 d5 5. Bg2 e6 6. c3 Nc6 7. O-O Nf6 8. Na3 a6
9. Nc2 Bd6 10. Qe1 Ne7 11. Ne5 Qc7 12. Nf3 O-O 13. Bd2 Ng6 14. a4 b5 15. a5
Rad8 16. Qb1 c4 17. d4 Ne4 18. Qd1 h6 19. Ne3 f5 20. Ne5 Bxe5 21. fxe5 Ng5 22.
Nc2 Qe7 23. e3 Bc6 24. Qe2 Ne4 25. Nb4 Bb7 26. Rfb1 Qg5 27. Rf1 Ne7 28. Rad1
Nc6 29. Ra1 Nxb4 30. cxb4 Bc6 31. Bc3 Be8 32. Bxe4 fxe4 33. Rxf8+ Kxf8 34. Rf1+
Ke7 35. Qf2 Bh5 36. Qf4 Qg6 37. Qh4+ Kd7 38. Rf4 Qe8 39. Qh3 Bf3 40. Qf1 Qh5
41. h4 g5 42. Rf6 gxh4 43. Qh3 Re8 44. Qxh4 Qxh4 45. gxh4 h5 46. Rg6 Bg4 47.
Rf6 Ke7 48. Kh2 Rg8 49. Be1 Bf3 50. Bg3 1/2-1/2

[Event "Weekend Accademia A Autunno"]
[Site "Roma ITA"]
[Date "2008.10.18"]
[Round "4"]
[White "Musmarra, Giovanni"]
[Black "Marzio, Mario"]
[Result "0-1"]
[WhiteElo "1725"]
[BlackElo "1469"]
[PlyCount "96"]
[EventDate "2008.10.17"]

1. e4 e5 2. Bc4 Nf6 3. Nc3 d6 4. d3 Bg4 5. Nf3 Be7 6. h3 Bh5 7. g4 Bg6 8. Bg5
h6 9. Bxf6 Bxf6 10. Qe2 Bg5 11. Nxg5 Qxg5 12. Qe3 Qxe3+ 13. fxe3 Nd7 14. O-O-O
O-O-O 15. Rhf1 Rhf8 16. Nd5 Rde8 17. Rf2 c6 18. Nc3 b5 19. Bb3 Nc5 20. h4 Nxb3+
21. axb3 f6 22. Ne2 Bf7 23. Ng3 Be6 24. Nf5 Bxf5 25. exf5 d5 26. e4 d4 27. c3
c5 28. Rc2 Kb7 29. Rg1 dxc3 30. bxc3 Rd8 31. Rd2 Rd7 32. g5 hxg5 33. hxg5 Rfd8
34. gxf6 gxf6 35. Kc2 c4 36. bxc4 bxc4 37. Rgd1 cxd3+ 38. Rxd3 Rxd3 39. Rxd3
Rxd3 40. Kxd3 Kc6 41. Kc4 a5 42. Kb3 Kb5 43. c4+ Kc5 44. Kc3 a4 45. Kd3 a3 46.
Kc3 a2 47. Kb2 Kxc4 48. Kxa2 Kd3 0-1

[Event "Weekend Accademia A Autunno"]
[Site "Roma ITA"]
[Date "2008.10.18"]
[Round "4"]
[White "Puliatti, Carlo"]
[Black "Pelyushenko, Vladyslav"]
[Result "1-0"]
[WhiteElo "2111"]
[BlackElo "1880"]
[PlyCount "51"]
[EventDate "2008.10.17"]

1. e4 d6 2. d4 Nf6 3. Nc3 g6 4. f4 Bg7 5. Nf3 O-O 6. Bd3 c5 7. dxc5 dxc5 8. e5
Nd5 9. Nxd5 Qxd5 10. Qe2 Nc6 11. c3 Bg4 12. Be4 Qd8 13. Be3 Qc7 14. h3 Bxf3 15.
Qxf3 c4 16. O-O Rad8 17. Qe2 b5 18. a4 a6 19. Qf2 Qc8 20. axb5 axb5 21. Qf3 Nb8
22. Ra5 Qd7 23. Ra7 Qe8 24. Bc5 Nd7 25. Bc6 Nxe5 26. fxe5 1-0

[Event "Weekend Accademia A Autunno"]
[Site "Roma ITA"]
[Date "2008.10.18"]
[Round "4"]
[White "Quimi, Marco"]
[Black "Di Lascio, Savino"]
[Result "1-0"]
[WhiteElo "2239"]
[BlackElo "1953"]
[PlyCount "81"]
[EventDate "2008.10.17"]

1. d4 Nf6 2. Nf3 b6 3. Bf4 Bb7 4. e3 g6 5. Nbd2 Bg7 6. Be2 O-O 7. h3 c5 8. c3
d6 9. O-O Nbd7 10. Re1 a6 11. a4 Ra7 12. Bh2 Qa8 13. Bd3 e5 14. e4 Ne8 15. dxe5
dxe5 16. Nc4 f6 17. Qb3 Kh8 18. Nxb6 Qd8 19. Nxd7 Qxd7 20. Bc4 Qe7 21. Qb6 Bc8
22. Bd5 g5 23. Nd2 g4 24. hxg4 Bxg4 25. f3 Bc8 26. Nc4 Bh6 27. Bg3 Ng7 28. Qd6
Nh5 29. Qxe7 Rxe7 30. Bh4 Nf4 31. g3 Rg7 32. Kh2 Ng6 33. Rg1 f5 34. exf5 Nxh4
35. gxh4 Bf4+ 36. Kh1 Bxf5 37. Rxg7 Kxg7 38. Rg1+ Kh6 39. Nd6 Bg6 40. Be4 Rd8
41. Rxg6+ 1-0

[Event "Weekend Accademia A Autunno"]
[Site "Roma ITA"]
[Date "2008.10.18"]
[Round "4"]
[White "Testa, Adriano"]
[Black "De Carolis, Massimo"]
[Result "1-0"]
[WhiteElo "2084"]
[BlackElo "1973"]
[PlyCount "111"]
[EventDate "2008.10.17"]

1. e4 d6 2. d4 g6 3. Nc3 Bg7 4. Be3 Nf6 5. h3 c6 6. g3 Nbd7 7. a4 Qc7 8. Bg2
O-O 9. Nge2 e5 10. O-O Re8 11. f4 exd4 12. Nxd4 Nc5 13. e5 dxe5 14. Nxc6 bxc6
15. Bxc5 Ba6 16. Rf2 Rad8 17. Rd2 Rxd2 18. Qxd2 Rd8 19. Qf2 exf4 20. gxf4 Rd7
21. Re1 Bc4 22. b3 Be6 23. Ne4 Nxe4 24. Bxe4 Bc3 25. Re2 Rd1+ 26. Kg2 Qd7 27.
Qf3 Bd4 28. Bxd4 Qxd4 29. Qf2 Qd7 30. Qe3 Bd5 31. Bxd5 Qxd5+ 32. Kg3 Qh1 33.
Rg2 Qe1+ 34. Qxe1 Rxe1 35. Kf3 Rd1 36. Ke2 Rd4 37. Ke3 Rd7 38. b4 Kf8 39. c4
Rd1 40. b5 cxb5 41. axb5 Ke7 42. Ra2 Rd7 43. Ke4 f6 44. Ra6 Rc7 45. Kd5 Rd7+
46. Kc6 g5 47. fxg5 fxg5 48. c5 h5 49. b6 axb6 50. cxb6 Ke6 51. Ra5 Rd6+ 52.
Kc7 Rd7+ 53. Kc8 Rg7 54. b7 g4 55. hxg4 hxg4 56. b8=Q 1-0